00688nam a2200205Ia 4500003000900000008004100009020001600050040001600066080001600082245006300098260004800161300001500209490004400224650001900268650002200287700003100309942000700340999001500347952012000362IN-BaIIA211028s9999 xx 000 0 eng d a13-469056-7 cIIA Library a621.38bHOL 0aIntegrated electronic systemscedited by Nick Holonyak Jr. aEnglewoodcliffs, N. J.bPrentice-Hallc1970 axvi, 472p. aSolid State Physical Electronics Series aCircuits91974 aElectronics91576 aHolonyak, Nick., ed.96753 cBK c3804d3804 00104070aBANbKAVcGENd1971-07-24g122.04l0o621.38/ HOLp4248r2021-11-05v122.04w1971-07-24yBKGRs. 122.04